000 01960nam a2200409 c 4500
999 _c68739
_d68739
003 BLK
005 20230809140044.0
008 180408b bul|||||r ||||||| ||bul||
010 _aKNG00073068000
020 _a954-9361-12-8
040 _aBLK
041 _aBUL
_cBUL
080 _aСоциални изследвания на жени. Жените и обществото
_b305-055.2
_x(497.2)
_z305-055.2(497.2)
080 _aСоциология по пол
_b316.346.2
_x-055.2(497.2)
_z316.346.2-055.2(497.2)
139 _aРод и ред в българската култура
_bР 73
245 1 0 _aРод и ред в българската култура
_cсъстав. и ред. Милена Георгиева Кирова; състав. и ред. Корнелия Димова Славова.
257 _aBGR
260 _bФонд. Център за изследвания и политики за жените
_c2005
_fСофия : Тип-топ прес
300 _a284 с.
_bс табл.
_c23 см
380 _a3
500 _aКор. загл. Род и ред. - Библиогр. след някои статии.
650 4 _aЖени - България - история и обществено положение
_9276441
650 4 _aЖени - България - участие в обществено-политическия живот
_9271811
651 4 _aБългария
_9241624
653 _aженско движение
653 _aжени
653 _aобщественици
700 _aКирова, Милена Георгиева
_9251220
700 1 _aСлавова, Корнелия Димова
_eсъстав. и ред.
_9369065
852 _aЦб 232456
856 4 _qpdf
856 4 _qpdf
942 _cKNG
_n0
_s1
944 _aCR
_c16.03.2007
_lГеновева Генчева
_k30560
944 _aED
_c16.01.2015
_lф /
_kЛюдмила_Стоянова
999 _d68739